National Committee on Tourism on Economic Benefits of Tourism (Record no. 494260)

000 -LEADER
fixed length control field 00410cam a22001217a 4500
008 - FIXED-LENGTH DATA ELEMENTS--GENERAL INFORMATION
fixed length control field 180718b1987 xxu||||| |||| 00| 0 eng d
082 ## - DEWEY DECIMAL CLASSIFICATION NUMBER
Classification number OA6x54 In2ec
100 ## - MAIN ENTRY--PERSONAL NAME
Personal name India. National Committee on Tourism
245 ## - TITLE STATEMENT
Title National Committee on Tourism on Economic Benefits of Tourism
Statement of responsibility, etc. by Ministry of Tourism
260 ## - PUBLICATION, DISTRIBUTION, ETC.
Place of publication, distribution, etc. New Delhi
Name of publisher, distributor, etc. Ministry of Tourism
Date of publication, distribution, etc. 1987
300 ## - PHYSICAL DESCRIPTION
Extent 50p.
700 ## - ADDED ENTRY--PERSONAL NAME
Personal name India. Ministry of Tourism
Holdings
Withdrawn status Lost status Damaged status Not for loan Permanent Location Current Location Date acquired Full call number Barcode Date last seen Price effective from Koha item type
        Indian Institute of Public Administration Indian Institute of Public Administration 2018-08-04 OA6x54 In2ec GG20944 2018-08-04 2018-08-04 GG

Powered by Koha